Magnitude scaling : quantitative measurement of opinions
Αποθηκεύτηκε σε:
| Κύριος συγγραφέας: | |
|---|---|
| Μορφή: | Βιβλίο |
| Γλώσσα: | English |
| Δημοσίευση: |
London :
Sage Publications,
c1981
|
| Σειρά: | Sage university papers series. Quantitative applications in the social sciences ;
; 25 |
| Θέματα: | |
| Ετικέτες: |
Προσθήκη ετικέτας
Δεν υπάρχουν, Καταχωρήστε ετικέτα πρώτοι!
|
MARC
| LEADER | 00000nam a2200000 i 4500 | ||
|---|---|---|---|
| 001 | 1/18339 | ||
| 008 | 981015s1981 eng d | ||
| 020 | |a 0-8039-1747-3 | ||
| 035 | |l 10020879 | ||
| 040 | |a GR-MY-UA |b gre |e aacr | ||
| 041 | 0 | |a eng | |
| 082 | 0 | |a 303.38072 | |
| 100 | 1 | |a Lodge, Milton. | |
| 245 | 1 | 0 | |a Magnitude scaling : |b quantitative measurement of opinions / |c Milton Lodge |
| 260 | |a London : |b Sage Publications, |c c1981 | ||
| 300 | |a 87 p. |b fig. | ||
| 490 | 1 | |a Sage university papares series. Quantitative applications in the social sciences |v ; 25 | |
| 504 | |a Bibliography p. 83-85 | ||
| 650 | 0 | 0 | |a Scaling (Social sciences) |
| 830 | 0 | |a Sage university papers series. Quantitative applications in the social sciences ; |v ; 25 | |
| 852 | |a INST |b LESVOS |e 19981015 |h 303.38072 LOD |p 005100018486 |q 005100018486 |t BK |y 0 | ||
| 901 | |a BIBL-1999-1 | ||
| 909 | |a Λ |b 059499 | ||
| 922 | |a 1ΕΛΗ |b 199809 |c ΚΠΣ/ΤΓ |d ΠΑΠΑΣΩΤΗΡΙΟΥ | ||
| 950 | |a 118-1998-07-23 | ||